Luật kinh tế : Chuyên khảo

Nội dung sách giới thiệu tổng quan về luật kinh tế trong nền kinh tế thị trường ở Việt Nam. Pháp luật về các chủ thể kinh doanh trong nền kinh tế. Pháp luật điều chỉnh hoạt động đầu tư, cạnh tranh và hợp đồng trong hoạt động kinh doanh. Ph...

ver descrição completa

Na minha lista:
Detalhes bibliográficos
Autor principal: Nguyễn, Thị Dung
Formato: Livro
Idioma:Undetermined
Publicado em: Hà Nội Lao động 2017
Assuntos:
Tags: Adicionar Tag
Sem tags, seja o primeiro a adicionar uma tag!
Thư viện lưu trữ: Trung tâm Học liệu Trường Đại học Cần Thơ
LEADER 01124nam a2200229Ia 4500
001 CTU_226841
008 210402s9999 xx 000 0 und d
020 |c 280000 
082 |a 346.59707 
082 |b D513 
100 |a Nguyễn, Thị Dung 
245 0 |a Luật kinh tế : 
245 0 |b Chuyên khảo 
245 0 |c Nguyễn Thị Dung (chủ biên) ; Trần Thị Bảo Ánh ... [et al.] (tác giả) 
260 |a Hà Nội 
260 |b Lao động 
260 |c 2017 
520 |a Nội dung sách giới thiệu tổng quan về luật kinh tế trong nền kinh tế thị trường ở Việt Nam. Pháp luật về các chủ thể kinh doanh trong nền kinh tế. Pháp luật điều chỉnh hoạt động đầu tư, cạnh tranh và hợp đồng trong hoạt động kinh doanh. Pháp luật về giải quyết tranh chấp thương mại. 
650 |a Luật thương mại,Commercial law 
650 |z Việt Nam,Vietnam 
910 |b dqhieu 
980 |a Trung tâm Học liệu Trường Đại học Cần Thơ